Country Flags with Orange - Statistics

General Stats
  • This quiz has been taken 177 times
  • The average score is 8 of 10
Answer Stats
Picture Answer % Correct
Ireland
98%
Cyprus
91%
India
90%
Bhutan
87%
Ivory Coast
86%
Sri Lanka
81%
Niger
78%
Armenia
72%
Marshall Islands
69%
Zambia
67%
No matching quizzes found
Score Distribution
Percent of People with Each Score
Percentile by Number Answered
Your Score History
You have not taken this quiz